000 02051cam a2200409 a 4500
999 _c16863
_d16863
001 16324849
003 EG-ScBUE
005 20200106153159.0
008 100709t2010 ncu f b 001 0 eng d
020 _a155728945X
020 _a9781557289469 (cloth : alk. paper)
020 _a1557289468 (cloth : alk. paper)
020 _a9781557289452 (pbk. : alk. paper)
040 _aDLC
_beng
_erda
_cDLC
_dBTCTA
_dYDXCP
_dC#P
_dBWX
_dAST
_dCDX
_dDLC
_dEG-ScBUE
082 0 4 _a810.80891593073
_bONE
_222
245 0 0 _aOne story, thirty stories :
_ban anthology of contemporary Afghan American literature /
_cedited by Zohra Saed, Sahar Muradi ; forword by Mir Tamim Ansary.
264 1 _aFayetteville :
_bUniversity of Arkansas Press,
_c[2010]
264 4 _cc 2010
300 _axxii, 277 pages ;
_c24 cm
336 _2rdacontent
_atext
_btxt
337 _2rdamedia
_aunmediated
_bn
338 _2rdacarrier
_avolume
_bnc
500 _aIncludes appendix.
504 _aIncludes bibliographical references and index.
505 0 _aPoetry -- Fiction -- Essays -- Blogs.
520 _a"From a society shredded by violence and a generation caught between Afghanistan and America, Saed and Muradi have sewn together a vibrant patchwork of memory and imagination. At turns raw and affecting, One Story, Thirty Stories is a chronicle of loss and reunion, offering a firsthand look at how communities are fractured and remade, with all the frustration and tenderness that exile evokes."
590 _amahmoud sami
650 7 _aAmerican literature
_xAfghan American authors.
_2BUEsh
_930567
650 7 _aAfghan Americans
_vLiterary collections.
_2BUEsh
_930568
653 _cJuly2012
_bHHUUEENN
655 _vReading book
700 1 _aSaed, Zohra,
_d1975-
_eeditor
_930569
700 1 _aMuradi, Sahar,
_d1979-
_eeditor
_930570
700 1 _aAnsary, Mir Tamim,
_eauthor of introduction, etc.
942 _2ddc
_cBB